Tout sur Roquefort et sur le roquefort - Statistiques

Statistiques générales
  • Ce quiz a été pris 21 fois
  • Le résultat moyen est 11 sur 18
Statistiques - réponses
Questions Réponses % Correct
Animal qui produit le roquefort. La brebis
90%
Région dans laquelle se situe Roquefort-sur-Soulzon. L'Occitanie
90%
Chaîne de restauration rapide "burger" américaine qui a vu une de ses antennes démontée par des paysans en réaction à ces taxes douanières américaines imposées sur le roquefort, ce qui a suscité une prise de conscience de la société sur les dangers extrêmes de la restauration rapide. McDonald's
90%
Étiquettes (labels) dont bénéficie le roquefort depuis respectivement 1979 et 1996. Appellation d'origine contrôlée
80%
L'un de ces plateaux situé à l'est de Roquefort, célèbre pour la lutte des paysans de 1971, paysans qui luttaient contre l'expropriation de leurs terres qu'aurait induit l'agrandissement d'un camp militaire voulu par le ministre de la défense Michel Debré. Le Causse du Larzac
80%
Étiquettes (labels) dont bénéficie le roquefort depuis respectivement 1979 et 1996. Appellation d'origine protégée
75%
Fleuve dont le Soulzon est un sous-affluent. La Garonne
75%
Syndicaliste qui a organisé ce coup médiatique. José Bové
65%
Le roquefort est un fromage à pâte ______. Persillée
65%
Le précédent est lui-même affluent de cette rivière. Le Soulzon en est donc également un sous-affluent. Le Tarn
55%
Ville située à moins de 25 kilomètres de Roquefort-sur-Soulzon, dans la région des grands plateaux (réponse #6) où cet événement s'est produit. Millau
55%
Nom donné aux plateaux karstiques fortement érodés du sud et de l'ouest du Massif central français, que l'on retrouve notamment dans la région de Roquefort-sur-Soulzon. Un causse
55%
Entre juin et octobre 1962, 12 mille de ces anciens combattants algériens qui s'étaient battus pour la France pendant la Guerre d'Algérie, allaient être parqués dans un "camp de transit et de reclassement" dans des conditions invivables, sur ce plateau (réponse précédente) avant d'être transféré vers d'autres camps. Nom donné à ces anciens combattants. Les Harkis
50%
Organisme international qui, en 1999, autorisa les États-Unis d'Amérique à imposer des taxes douanières punitives sur le roquefort (entre autres) en raison du refus de l'Union européenne d'importer des États-Unis de la viande de vaches élevées aux hormones de croissance. L'Organisation mondiale du Commerce
45%
Personnage des aventures de Tintin dont l'une des expressions favorites était : "C'est plus fort que du roquefort." Séraphin Lampion
35%
Rivière dont le Soulzon est un affluent direct. Le Cernon
25%
Ancienne province française dans laquelle se situait Roquefort en 1789. Le Rouergue
20%
Nom donné aux habitants de ces plateaux. Les caussenards
20%
Aucun quiz correspondant
Distribution des résultats
% des personnes avec chaque résultat
Percentile par nombre de réponses
Votre historique - résultats
Vous n’avez pas pris ce quiz